Culture G Pokémon #5 - Statistiques

Statistiques générales
  • Ce quiz a été pris 268 fois
    155 depuis la dernière actualisation
  • Le résultat moyen est 25 sur 50
Statistiques - réponses
Question Réponse % Correct
De Kanto à Alola, combien y a-t-il eu de Maîtres de la Ligue affrontables (excepté Red et le joueur dans les versions 7G) ? 8
91%
Quel type est super efficace contre les types Roche et Eau ? Plante
90%
Quelle CS permet de pousser des rochers dans des trous ? Force
89%
Comment s'appelle l'attaque offensive prioritaire de type Ténèbres ? Coup Bas
87%
Quel talent est partagé par Braségali, Ninjask et Brutapode ? Turbo
85%
Dans quelle région Sacha a-t-il été le plus loin dans une Ligue Pokémon ? Kalos
83%
Quelle Ultra-Chimère est la moins utilisée en stratégie ? Engloutyran
82%
Quel est le Pokémon de prédilection d'Alizée, la Championne de Cimetronelle ? Altaria
81%
Quel Pokémon a pour nom américain Infernape ? Simiabraz
80%
Pendant combien de pas un Max Repousse fait-il effet ? 250
75%
En quelle année est sortie la version Platine aux États-Unis et en Europe ? 2009
74%
De quel Pokémon Créa-Élec était-il le talent signature en 7G ? Tokorico
74%
Quelle génération comporte 107 Pokémon ? 4G
70%
Quelle statistique est augmentée d'un cran lorsqu'un Pokémon consomme une Baie Abriko ? Défense Spéciale
70%
Quelle catégorie de Dresseur, très fréquente au début des jeux principaux, possède des Pokémon de type Insecte ? Scout
70%
Quel gâteau cuisiné à base de baies permet d'augmenter les statistiques de concours dans les versions Diamant, Perle et Platine ? Poffin
69%
Quelle Ball est plus efficace pour attraper des Pokémon pêchés ? Appât Ball
68%
Comment est surnommé le Cosmog qui accompagne Lilie dans les versions 7G ? Doudou
68%
Comment s'appelle le créateur du site Pokémon Trash, connu pour son célèbre "primo kriogre, primo gradonne, meyaga rakaza, tousse chaille nez" ? Neoxys
64%
Qu'est sensé avoir déplacé Regigigas à la seule force de ses bras ? Les continents
63%
Comment s'appelle le simulateur de combats stratégiques en ligne ? Pokémon Showdown!
63%
Quelle particularité physique ont en commun Alakazam et Tarinorme ? Une moustache
63%
Combien de morceaux de métal composent le corps de Steelix ? 9
62%
Quel objet augmente l'Attaque Spéciale de Coquiperl s'il est tenu, et permet de le faire évoluer en Serpang ? Dent Océan
57%
À quel niveau Mewtwo apprend-t-il Frappe Psy ? 100
50%
Quelle attaque de type Vol était initialement de type Normal ? Tornade
50%
Quel objet, pouvant être Aqua, Choc, Pyro ou Cryo, permet de changer le type de l'attaque Techno Buster de Genesect ? Module
49%
Quelle attaque s'appelait autre fois "Ténèbres" ? Ombre Nocturne
48%
À quel endroit peut-on rencontrer uniquement des Chuchmur ? Tunnel Mérazon
42%
Quel plateforme des versions 7G permet de faire des échanges et des combats en ligne ? Place Festival
41%
Quel jeu, sorti initialement sur arcade, reprend le gameplay des jeux de combat classiques, mais avec des Pokémon ? Pokkén Tournament
38%
Quel est le pourcentage de Relicanth femelles ? 12,5%
34%
Quelle est la taille de Taupiqueur ? 0,2 m
32%
À part sur Let's Go, quel est le seul Pokémon de base pouvant apprendre l'attaque Cascade par montée de niveau ? Poissirène
32%
Quelle attaque Poulpaf doit-il connaitre pour pouvoir évoluer ? Provoc
32%
Où se situe l'Arène de type Plante à Galar ? Greenbury
31%
Comment s'appelle le Cristal Z standard de type Fée ? Nymphézélite
31%
Quand Sacha affronte Didier, le Maître de la Ligue Orange, dans les épisodes 111 et 112, quel Pokémon de Sacha élimine Florizarre ? Tauros
31%
Quel talent Rocabot doit-il avoir pour évoluer en Lougaroc Forme Crépusculaire ? Tempo Perso
29%
Comment s'appelle le scientifique de la Team Rocket qui crée Mewtwo dans le film 1 : Mewtwo contre-attaque ? Dr. Fuji
26%
Quel est le nom, inspiré de celui d'un Pokémon, des salons de coiffures d'Alola ? Salle à Mèches
26%
Lequel des Sept Sages de la Team Plasma réapparaît dans Pokémon Noir et Blanc 2 dans le camp allié du joueur, contre la Néo Team Plasma ? Carmine
21%
Quelle est la seule attaque signature d'un Pokémon légendaire ne pouvant pas être apprise par Queulorior via son attaque Gribouille ? Furie Dimension
13%
Quel Pokémon pouvant encore évoluer possède le plus haut total de statistiques de base ? Type:0
13%
Comment s'appelle l'antagoniste principal du film 11 : Giratina et le Gardien du Ciel ? Zéro
13%
Comment s'appelle la capacité signature de Monthracite Gigamax ? Téphra G-Max
10%
Combien d'argent gagne-t-on si l'on achète une Corde Sortie et une Super Potion, puis qu'on vend un Gros Champi ? 800 Pokédollars
7%
Quel doubleur belge prête sa voix à Sacha dans la version française de la série animée ? Aurélien Ringelheim
7%
Quel est le prénom du père de Pierre dans le dessin animé ? Flint
7%
Quelle fonctionnalité dans les versions 5G permettait de proposer en direct des Pokémon à une personne via la CWF Nintendo, en ayant la possibilité de réagir avec des symboles et éventuellement de conclure des échanges ? Négociations GTS
2%
Aucun quiz correspondant
Distribution des résultats
% des personnes avec chaque résultat
Percentile par nombre de réponses
Votre historique - résultats
Vous n’avez pas pris ce quiz depuis la dernière actualisation